000 00238nam a2200097Ia 4500
001 1164439
005 20250827011721.0
008 250824s9999 xx 000 0 und d
245 0 _aBEN NEYİM
_cHAKAN MENĞÜÇ
260 _bDESTEK YAYINLARI
999 _c1164439
_d1164439